000 00192nam a2200109Ia 4500
100 _a#N/A
942 _cBK
245 _aHot Linux Distros
260 _b#N/A
546 _aENGLISH
999 _c29166
_d29166